| 000 | 01268nam0a22002651 4500 | ||
|---|---|---|---|
| 001 | rc\3549822 | ||
| 005 | 20250610035220.0 | ||
| 021 |
_aRU _b[73-77870] |
||
| 035 | _a(NLR Aleph) 007674500 | ||
| 090 |
_a6470675 _c6470675 |
||
| 100 | _a20130115d1973 |||y0rusy50 ca | ||
| 101 | 0 | _arus | |
| 102 | _aRU | ||
| 105 | _aa z ||||| | ||
| 200 | 1 |
_aТруды Всесоюзной научно-технической конференции по металлокерамическим материалам и изделиям _fМ-во высш. и сред. спец. образования СССР. М-во высш. и сред. спец. образования АрмССР. Ереван. политехн. ин-т им. К. Маркса |
|
| 210 |
_aЕреван _cБ. и. _d1973 |
||
| 215 |
_a287 с. _cил. _d27 |
||
| 320 | _aСписки лит. в конце докл. | ||
| 606 |
_aМеталлокерамические изделия _jСборники _2psbo |
||
| 710 | 1 | 2 | _aВсесоюзная науч.-техн. конференция по металлокерамическим материалам и изделиям (1973; Ереван) |
| 801 | 0 |
_aRU _bNLR _gpsbo |
|
| 801 | 1 |
_aRU _bELAR _2rusmarc |
|
| 852 |
_aNLR _j73-7/1210 |
||
| 942 | _cBOOK | ||
| 980 | _aNB | ||